00539cam a22002171 4500001001300000003000400013005001700017008004100034010001700075025002000092035002000112040002100132042001200153050001700165100002800182245001700210260004600227300001500273500001600288999001700304sa 68017859 DLC20260227112706.0940826m19679999ii 000 0 pano  asa 68017859  aPL480:I-Pu-1191 a(OCoLC)31021002 aDLCcCUdCUdDLC apremarc00aBL2018b.B570 aWīra Siṅgha,cBhai.10aAmara lekha. b[for Bhai Vir Singh Sahitya Sadan]c1967- av.c19 cm. aIn Panjabi. c88012d88012